Obras / (Registro nro. 14613)

Detalles MARC
000 -LIDER
fixed length control field 01196nam a2200409 4500
001 - NÚMERO DE CONTROL
Identificador de número de control
003 - IDENTIFICACDOR DE NÚMERO DE CONTROL
control field DO-SdBNP
005 - DATE AND TIME OF LATEST TRANSACTION
control field 20240322102953.0
008 - ELEMENTOS DE LONGITUD FIJA
fixed length control field 160127s2012 mx d spa
015 ## - NÚMERO DENTRO DE LA BIBLIOGRAFÍA NACIONAL
National bibliography number
017 ## - NÚMERO DE REGISTRO DE DERECHOS DE AUTOR
Copyright or legal deposit number
Assigning agency
020 ## - ISBN
International Standard Book Number 9786071611840
035 ## - NÚMERO LOCAL
System control number
040 ## - FUENTE DE CATALOGACIÓN
Agencia que crea de manera original el registro BPMSU
Idioma de catalogación spa
Agencia que realiza la transcripción BPMSU
Convenciones de la despripción
082 #4 - NÚMERO DE CLASIFICACIÓN DECIMAL DE DEWEY
Classification number 320.01
Item number L459e 2012
Edition number 22
084 ## - OTRO NÚMERO DE CLASIFICACIÓN
Classification number
Number source
100 1# - ASIENTO PRINCIPAL -- NOMBRE PERSONAL
Nombre personal Norbert Lechner.
210 ## - TITULO ABREVIADO
Fuente
245 10 - MENCIÓN DE TITULO
Título Obras /
Mención de responsabilidad Norbert Lechner. ; edición de Ilán Semo...[y otros]
Subtítulo
246 13 - VARIACION DEL TÍTULO
Título propiamente dicho o título corto Estado y derecho
260 ## - PUBLICACIÓN, DISTRIBUCIÓN, ETC. (PIE DE IMPRENTA)
Lugar de publicación, distribución, etc México D.F. :
Nombre del editor, distribuidor, etc. Fondo de Cultura Econonómica,
Fecha de publicación, distribución, etc 2012
300 ## - DESCRIPCIÓN FÍSICA
Extensión v. ;
Dimensiones 23 cm.
Otros detalles físicos
Material complementario
490 0# - MENCIÓN DE SERIES
Mención de serie Sección de obras de política y derecho.
500 ## - NOTA GENERAL
Nota general Incluye bibliografías e índice.
504 ## - NOTA DE BIBLIOGRAFÍA, ETC.
Bibliography, etc
505 0# - NOTA DE CONTENIDO
Texto normalizado de contenido v. 1 : Estado y derecho
590 ## - NOTA LOCAL
Texto de la nota local Inventariado, 2024/VM
650 #4 - ENCABEZAMIENTO DE MATERIA--TEMÁTICO
Término temático o nombre geográfico como elemento de entrada Ciencia Política.
Subdivisión geográfica
Subdivisión temática general
Subdivisión cronológica
650 #4 - ENCABEZAMIENTO DE MATERIA--TEMÁTICO
Término temático o nombre geográfico como elemento de entrada Derecho
Subdivisión geográfica Chile
651 #4 - ENCABEZAMIENTO DE MATERIA--NOMBRE GEOGRÁFICO
Nombre geográfico Chile
Subdivisión temática general Política y gobierno
651 #4 - ENCABEZAMIENTO DE MATERIA--NOMBRE GEOGRÁFICO
Nombre geográfico
700 1# - ASIENTO SECUNDARIO -- NOMBRE PERSONAL
Nombre personal Semo, Ilán
Mención de responsabilidad ed.
710 2# - ASIENTO SECUNDARIO -- NOMBRE CORPORATIVO
Nombre corporativo o de jurisdicción Fondo de Cultura Económica (México)
710 2# - ASIENTO SECUNDARIO -- NOMBRE CORPORATIVO
Nombre corporativo o de jurisdicción Facultad Latinoamericana de Ciencias Sociales (México)
910 ## - VALIDACIÓN
Validación VMateo V. Control de calidad. BPMSU
942 ## - ADDED ENTRY ELEMENTS (KOHA)
Source of classification or shelving scheme Dewey Decimal Classification
Koha item type Libros
Existencias
Withdrawn status Lost status Source of classification or shelving scheme Damaged status Not for loan Collection code Home library Current library Date acquired Source of acquisition Total Checkouts Full call number Barcode Date last seen Price effective from Koha item type
    Dewey Decimal Classification     Colección General Biblioteca Pública Metropolitana Salomé Ureña Biblioteca Pública Metropolitana Salomé Ureña 03/22/2024 Fondo de Cultura Económica   BPMSU CG 320.01 L459e 2012 BPMSU24030075 03/22/2024 03/22/2024 Libros